[Event "Dresden ZMD op 22nd"]
[Site "Dresden"]
[Date "2013.08.14"]
[Round "5"]
[White "Urban, Lars"]
[Black "Chlost, Marlena"]
[Result "1/2-1/2"]
[WhiteElo "2127"]
[BlackElo "2183"]
[PlyCount "73"]
[EventDate "2013.08.10"]
[EventType "swiss"]
[EventRounds "9"]
[EventCountry "GER"]
[SourceTitle "CBM 155 Extra"]
[Source "ChessBase"]
[SourceDate "2013.08.26"]
[SourceVersion "1"]
[SourceVersionDate "2013.08.26"]
[SourceQuality "1"]

1. d4 Nf6 2. c4 g6 3. Nc3 d5 4. cxd5 Nxd5 5. e4 Nxc3 6. bxc3 Bg7 7. Bc4 c5 8. Ne2 Nc6 9. Be3 0-0 10. 0-0 Qc7 11. Rc1 Rd8 12. h3 Na5 13. Bd3 b6 14. f4 f5 15. Qe1 Qc6 16. d5 Qd6 17. c4 fxe4 18. Bxe4 Ba6 19. f5 Qe5 20. Qh4 Bf6 21. Qg4 Nxc4 22. Bh6 Nd6 23. Ng3 Nxe4 24. Nxe4 Bxf1 25. Rxf1 Qd4+ 26. Kh1 g5 27. Bxg5 Bxg5 28. f6 exf6 29. Nxf6+ Kh8 30. Qxg5 Rf8 31. Qh6 Rf7 32. Rf4 Qa1+ 33. Kh2 Qe5 34. g3 c4 35. Nxh7 Qe2+ 36. Kg1 Qe1+ 37. Kg2 1/2-1/2

[Event "POL-chT"]
[Site "Warsaw"]
[Date "2012.09.28"]
[Round "7.4"]
[White "Zozulia, Anna"]
[Black "Chlost, Marlena"]
[Result "1-0"]
[WhiteElo "2348"]
[BlackElo "2191"]
[PlyCount "49"]
[EventDate "2012.05.04"]
[EventType "team-tourn"]
[EventRounds "9"]
[EventCountry "POL"]
[SourceTitle "EXT 2013"]
[Source "ChessBase"]
[SourceDate "2012.11.22"]
[SourceVersion "1"]
[SourceVersionDate "2012.11.22"]
[SourceQuality "1"]
[WhiteTeam "Katowice Hetman Szopienice"]
[BlackTeam "Poznan Pocztowiec"]
[WhiteTeamCountry "POL"]
[BlackTeamCountry "POL"]

1. e4 c5 2. Nf3 d6 3. d4 cxd4 4. Nxd4 Nf6 5. Nc3 a6 6. Be2 e6 7. 0-0 Be7 8. f4 0-0 9. Kh1 Nc6 10. Be3 Qc7 11. Qe1 Nxd4 12. Bxd4 e5 13. fxe5 dxe5 14. Qg3 Nd7 15. Nd5 Qd6 16. Bc3 Bd8 17. Bb4 Nc5 18. Rad1 Qc6 19. Qxe5 Re8 20. Qh5 Be6 21. Bxc5 g6 22. Qe5 Bf5 23. Be7 Qxd5 24. Qxd5 Be6 25. Qxd8 1-0

[Event "POL-chT"]
[Site "Warsaw"]
[Date "2012.09.16"]
[Round "6.2"]
[White "Chlost, Marlena"]
[Black "Czarnota, Dorota"]
[Result "1/2-1/2"]
[WhiteElo "2175"]
[BlackElo "2219"]
[PlyCount "90"]
[EventDate "2012.05.04"]
[EventType "team-tourn"]
[EventRounds "9"]
[EventCountry "POL"]
[SourceTitle "EXT 2013"]
[Source "ChessBase"]
[SourceDate "2012.11.22"]
[SourceVersion "1"]
[SourceVersionDate "2012.11.22"]
[SourceQuality "1"]
[WhiteTeam "Poznan Pocztowiec"]
[BlackTeam "Grudziadz"]
[WhiteTeamCountry "POL"]
[BlackTeamCountry "POL"]

1. e4 c5 2. Nf3 e6 3. d4 cxd4 4. Nxd4 a6 5. Bd3 Nf6 6. 0-0 e5 7. Nf3 Nc6 8. Bg5 h6 9. Bxf6 Qxf6 10. Nc3 Bc5 11. Nd5 Qd8 12. a4 d6 13. c3 0-0 14. b4 Ba7 15. b5 Ne7 16. Bc4 Ng6 17. Ne1 Bc5 18. bxa6 bxa6 19. Nd3 Ba7 20. a5 Qg5 21. Qf3 h5 22. Nb6 Bg4 23. Qe3 Nf4 24. Nxf4 exf4 25. Qd3 f3 26. g3 h4 27. Bxa6 Rab8 28. Rfb1 hxg3 29. hxg3 f5 30. Qd5+ Kh8 31. Ra4 Rf6 32. exf5 Qh5 33. Rxg4 Qxg4 34. Rb4 Qg5 35. Rh4+ Rh6 36. Rxh6+ Qxh6 37. Qxf3 Bxb6 38. axb6 Rxb6 39. Bd3 Rb8 40. Qe4 Qf6 41. Bc4 Rf8 42. Qh1+ Qh6 43. Qe4 Qf6 44. Qh1+ Qh6 45. Qe4 Qf6 1/2-1/2

[Event "POL-chT"]
[Site "Warsaw"]
[Date "2012.09.14"]
[Round "4.1"]
[White "Chlost, Marlena"]
[Black "Cyfka, Karina"]
[Result "0-1"]
[WhiteElo "2191"]
[BlackElo "2387"]
[PlyCount "96"]
[EventDate "2012.05.04"]
[EventType "team-tourn"]
[EventRounds "9"]
[EventCountry "POL"]
[SourceTitle "EXT 2013"]
[Source "ChessBase"]
[SourceDate "2012.11.22"]
[SourceVersion "1"]
[SourceVersionDate "2012.11.22"]
[SourceQuality "1"]
[WhiteTeam "Poznan Pocztowiec"]
[BlackTeam "Warsaw Polonia"]
[WhiteTeamCountry "POL"]
[BlackTeamCountry "POL"]

1. e4 e5 2. Nf3 Nc6 3. Bb5 a6 4. Ba4 Nf6 5. 0-0 Be7 6. Re1 b5 7. Bb3 0-0 8. h3 Bb7 9. d3 d5 10. exd5 Nxd5 11. Nxe5 Nd4 12. c4 Nb4 13. a3 Nbc6 14. Nxc6 Bxc6 15. Ba2 Bg5 16. Nc3 Kh8 17. Nd5 Bxc1 18. Rxc1 Qd6 19. Qg4 Ne6 20. Qf5 Bd7 21. Qe5 Qxe5 22. Rxe5 Rab8 23. c5 Rbd8 24. c6 Bc8 25. f4 f6 26. Re4 g6 27. Ne7 f5 28. Rb4 Nd4 29. Re1 Nc2 30. Re5 Nxb4 31. axb4 Rd6 32. Kf2 Rxd3 33. Ke2 Rd6 34. Bd5 Rfd8 35. Ke3 Kg7 36. Kd4 Kf6 37. Kc5 Be6 38. Bxe6 Kxe7 39. Bd7+ Kf6 40. g4 fxg4 41. hxg4 h6 42. Re3 Rd2 43. b3 Rf8 44. f5 gxf5 45. Bxf5 Rd6 46. Bd7 Kg5 47. Re5+ Kh4 48. Bf5 Rff6 0-1

[Event "Police Gniota Memorial 27th"]
[Site "Police"]
[Date "2012.07.19"]
[Round "9"]
[White "Chlost, Marlena"]
[Black "Korbal, Arkadiusz"]
[Result "1-0"]
[WhiteElo "2186"]
[BlackElo "2127"]
[PlyCount "95"]
[EventDate "2012.07.11"]
[EventType "swiss"]
[EventRounds "9"]
[EventCountry "POL"]
[SourceTitle "CBM 149 Extra"]
[Source "ChessBase"]
[SourceDate "2012.08.24"]
[SourceVersion "1"]
[SourceVersionDate "2012.08.24"]
[SourceQuality "1"]

1. e4 c5 2. Nf3 Nc6 3. d4 cxd4 4. Nxd4 Qb6 5. Nb3 Nf6 6. Nc3 e6 7. Be3 Qc7 8. a3 a6 9. Be2 Be7 10. 0-0 b5 11. f4 d6 12. Nd4 Bb7 13. Bf3 0-0 14. Qe1 Na5 15. Rd1 Nc4 16. Bc1 Rac8 17. Rd3 Nd7 18. b3 Ncb6 19. Bb2 Bf6 20. Kh1 Nc5 21. Rd2 Bxd4 22. Rxd4 e5 23. Rd2 Ne6 24. fxe5 dxe5 25. Nd5 Nxd5 26. exd5 Nd4 27. Be4 Qd6 28. Bxd4 exd4 29. Rxd4 Rce8 30. Qd2 Re5 31. Qf4 f5 32. Bf3 Rfe8 33. Rdd1 Qxa3 34. Qd4 Qd6 35. c4 Qb4 36. c5 Qxd4 37. Rxd4 Rd8 38. Rfd1 Kf8 39. h3 Bc8 40. b4 Re3 41. d6 Rc3 42. c6 Be6 43. c7 Rd7 44. Bb7 Rf7 45. d7 Bxd7 46. Rxd7 Rxc7 47. Rxc7 Rxc7 48. Bxa6 1-0